MARC

LEADER 00000nam0a2200000 4500
001 279806
005 20231101235238.0
020 |a RU  |b 86-38065 
035 |a (RuTPU)RU\TPU\book\303111 
090 |a 279806 
100 |a 20141223d1986 k y0rusy5003 ca 
101 0 |a rus 
102 |a BY 
105 |a y z 000zy 
200 1 |a Дорогами боевого братства  |f Н. И. Москвин 
210 |a Минск  |c Беларусь  |d 1986 
215 |a 318 с. 
606 1 |a Партизанское движение в Великой Отечественной войне 1941-1945  |2 stltpush  |3 (RuTPU)RU\TPU\subj\66775  |9 82809 
610 1 |a партизанское движение 
610 1 |a Великая Отечественная война 1941-1945 
610 1 |a артиллерия 
610 1 |a Белорусская ССР 
686 |a Т3(2)622,5  |v LBC/SL-A  |2 rubbk 
700 1 |a Москвин  |b Н. И.  |g Николай Иванович  |4 070 
801 0 |a RU  |b RuMRKP  |c 19950704  |g psbo 
801 1 |a RU  |b 63413507  |c 20141223 
801 2 |a RU  |b 63413507  |c 20180205  |g RCR 
942 |c BK